书目信息 |
| 题名: |
国民经济统计概论
|
|
| 作者: | 黄书田 , 刘娟 主编 | |
| 分册: | ||
| 出版信息: | 北京 中国人民大学出版社 2004 |
|
| 页数: | 575 | |
| 开本: | 21cm | |
| 丛书名: | 全国高等教育自学考试指导教材 | |
| 单 册: | ||
| 中图分类: | F222.33 | |
| 科图分类: | ||
| 主题词: | 经济--计算 , 经济数学--方法 | |
| 电子资源: | ||
| ISBN: | 7-300-05516-8 | |
| 000 | 00719nam0 2200229 450 | |
| 001 | 0753815641 | |
| 005 | 20070930145655.64 | |
| 010 | @a7-300-05516-8@d¥23.00 | |
| 100 | @a20070930d km y0chiy0120 ea | |
| 101 | 0 | @achi |
| 200 | 1 | @a国民经济统计概论@Aguo min jing ji tong ji gai lun@f黄书田,刘娟主编@Fhuang shu tian,liu juan zhu bian |
| 210 | @a北京@c中国人民大学出版社@d2004 | |
| 215 | @a575@d21cm | |
| 225 | 2 | @a全国高等教育自学考试指导教材 |
| 410 | 0 | @12001 @a全国高等教育自学考试指导教材 |
| 606 | 0 | @a经济@x计算 |
| 606 | 0 | @a经济数学@x方法 |
| 690 | @aF222.33@v3 | |
| 701 | 0 | @a黄书田@Ahuang shu tian@4主编 |
| 701 | 0 | @a刘娟@Aliu juan@4主编 |
| 801 | 0 | @aCN@bPFT@c20070930 |
| 905 | @a213230@dF222.33@eg77@f1 | |
| 国民经济统计概论/黄书田,刘娟主编.-北京:中国人民大学出版社,2004 |
| 575;21cm.-(全国高等教育自学考试指导教材) |
| ISBN 7-300-05516-8:¥23.00 |
| ● |
| 相关链接 |
|
|
|
|
正题名:国民经济统计概论
索取号:F222.33/g77
 
预约/预借
| 序号 | 登录号 | 条形码 | 馆藏地/架位号 | 状态 | 备注 |
| 1 | 6503929 | 265039291 | 密集书库-海洋学院/ [索取号:F222.33/g77] | 在馆 |